Statistiken für Teilnehmer der Fußball-WM der Frauen 2023

Klicken Sie hier um das Quiz zu spielen!

Allgemein

  • Dieses Quiz wurde 389 mal gespielt
  • Das Durchschnittsergebnis liegt bei 24 aus 32

Antwortstatistiken

GruppeAntwort% Korrekt
HDeutschland
100%
DEngland
97%
CSpanien
97%
EVereinigte Staaten
96%
BAustralien
94%
GSchweden
93%
FFrankreich
92%
CJapan
92%
FBrasilien
89%
DChina
88%
BKanada
87%
ANeuseeland
87%
ANorwegen
87%
ENiederlande
86%
ASchweiz
86%
HSüdkorea
86%
GItalien
85%
EPortugal
83%
GArgentinien
81%
HKolumbien
80%
DDänemark
78%
HMarokko
76%
BIrland
69%
GSüdafrika
65%
BNigeria
64%
EVietnam
42%
FJamaika
40%
CSambia
40%
CCosta Rica
39%
DHaiti
37%
FPanama
37%
APhilippinen
30%

Verteilung der Resultate

Perzentil nach korrekt beantworteten Fragen

Anzahl Personen mit jedem Resultat

Ihre Resultats-Entwicklung

Sie haben dieses Quiz noch nicht gespielt